000 nam a22 4500
999 _c9378
_d9378
008 180516b ||||| |||| 00| 0 eng d
245 _aTransformational parenting.
260 _aDavao City
_bSun Star Davao
_cc2016
300 _apage B2.
650 0 _927867
_aParenting.
942 _2ddc
_cPER